| 000 | 00410nam a22001697a 4500 | ||
|---|---|---|---|
| 003 | MPLRDC | ||
| 005 | 20220104125240.0 | ||
| 008 | 210129b ||||| |||| 00| 0 eng d | ||
| 020 | _a7-80074-701-8 | ||
| 082 | _a857.9 LCY-78 v.2 | ||
| 100 | _a柳残阳 | ||
| 245 |
_a血烟劫. 中 _c |
||
| 260 |
_a _b中国华侨出版社 _c1993 |
||
| 300 | _b平 | ||
| 650 | _a武侠小说 | ||
| 942 |
_cBK _o857.9 LCY-78 v.2 |
||
| 999 |
_c25848 _d25838 |
||